[Event "Michigan Open Reserve"]
[Site "Cadillac, MI"]
[Date "1999.09.06"]
[Round "7"]
[White "Dickerson, Tom"]
[Black "Kane, Paul"]
[Result "0-1"]
[WhiteElo "1487"]
[BlackElo "1643"]
[PlyCount "82"]
[EventDate "1999.09.03"]

1. d4 d5 2. c4 c6 3. Nc3 dxc4 4. e3 b5 5. b3 b4 6. Ne4 e6 7. Bxc4 Nd7 8. a3 Bb7
9. axb4 Bxb4+ 10. Bd2 Be7 11. Qc2 Ngf6 12. Bd3 Nd5 13. Nc5 Nxc5 14. dxc5 Nf6
15. Bc3 Qd5 16. Nf3 Qxc5 17. b4 Qb6 18. Ra4 g6 19. O-O O-O 20. Bd4 Qc7 21. Qc3
Nd5 22. Qb2 f6 23. Bc5 Nb6 24. Ra5 Rf7 25. Qd4 e5 26. Qh4 f5 27. Qh6 Bxc5 28.
bxc5 Nd5 29. Rfa1 e4 30. Rxa7 Rxa7 31. Rxa7 exd3 32. e4 fxe4 33. Ng5 Re7 34.
Nxh7 Rxh7 35. Qxg6+ Kh8 36. f4 d2 37. Ra1 e3 38. g3 Qe7 39. Qb1 e2 40. Ra8+
Bxa8 41. Qb8+ Kg7 0-1

[Event "Michigan Open Reserve"]
[Site "Cadillac, MI"]
[Date "1999.09.06"]
[Round "6"]
[White "DeFrayne, Don"]
[Black "James, Larry"]
[Result "1/2-1/2"]
[WhiteElo "1428"]
[BlackElo "1748"]
[PlyCount "80"]
[EventDate "1999.09.03"]

1. e4 e6 2. d4 d5 3. exd5 exd5 4. c4 Nf6 5. Nc3 c6 6. Nf3 Bf5 7. g3 dxc4 8.
Qe2+ Be7 9. Qxc4 Nbd7 10. Qb3 Nb6 11. Bg2 O-O 12. O-O Bd3 13. Re1 Bc4 14. Qc2
Re8 15. Ne5 Bd5 16. Nxd5 Nbxd5 17. Be3 Bb4 18. Rf1 Qc7 19. Bg5 Bd6 20. Bxf6
Nxf6 21. f4 Qb6 22. Qf2 Re7 23. Rac1 Rd8 24. Nc4 Qc7 25. Ne5 Bxe5 26. dxe5 Nd5
27. Bxd5 Rxd5 28. Qxa7 Ra5 29. Qd4 Rd7 30. Qb4 Rxa2 31. Rfd1 Ra8 32. Rd6 Rad8
33. Rcd1 c5 34. Rxd7 Rxd7 35. Rxd7 Qxd7 36. Qxc5 Qd1+ 37. Kg2 Qe2+ 38. Qf2 Qe4+
39. Kh3 h5 40. Qd2 Qf5+ 1/2-1/2

[Event "Michigan Open Reserve"]
[Site "Cadillac, MI"]
[Date "1999.09.06"]
[Round "6"]
[White "Crysler, Jerry"]
[Black "Schell, Ken"]
[Result "0-1"]
[WhiteElo "1345"]
[BlackElo "1658"]
[PlyCount "146"]
[EventDate "1999.09.03"]

1. g3 d5 2. Bg2 Nf6 3. c4 e6 4. cxd5 exd5 5. d3 Be7 6. Nf3 O-O 7. O-O Nbd7 8.
a3 Re8 9. Nbd2 c6 10. e3 Nf8 11. Qc2 Bf5 12. Nh4 Qd7 13. b4 Ng6 14. Nxg6 Bxg6
15. Bb2 Bd6 16. Qc3 Be5 17. d4 Bd6 18. f4 Ne4 19. Nxe4 Bxe4 20. Bf3 Qh3 21.
Rae1 Re6 22. Bxe4 Rxe4 23. Rf3 Rae8 24. Ref1 R8e6 25. Bc1 Rh6 26. Qc2 Be7 27.
R1f2 Rg6 28. Rg2 Qg4 29. Qf2 Bd8 30. Bd2 Rh6 31. h4 f5 32. Rh2 Bxh4 33. Qg2 Bf6
34. Rxh6 gxh6 35. Rf1 h5 36. Kh2 h4 37. Rg1 hxg3+ 38. Qxg3 Qxg3+ 39. Rxg3+ Kh8
40. Rh3 Bxd4 41. Kh1 Bb2 42. Rg3 Re8 43. Rg5 Rf8 44. Kh2 h6 45. Rg6 Kh7 46. Re6
Rf7 47. a4 Kg7 48. Rd6 Re7 49. b5 d4 50. bxc6 bxc6 51. Rxc6 dxe3 52. Be1 Rd7
53. Kg3 Bd4 54. Kf3 Re7 55. a5 Rd7 56. a6 Kh7 57. Bc3 Bxc3 58. Rxc3 Re7 59.
Rxe3 Rxe3+ 60. Kxe3 Kg6 61. Kf3 Kf6 62. Kg3 Ke6 63. Kh4 Kd5 64. Kh5 Ke4 65.
Kxh6 Kxf4 66. Kg6 Kg4 67. Kf6 f4 68. Ke6 f3 69. Kd6 f2 70. Kc6 f1=Q 71. Kb7 Qf2
72. Ka8 Kf5 73. Kb7 Qb6+ 0-1

[Event "Michigan Open Reserve"]
[Site "Cadillac, MI"]
[Date "1999.09.06"]
[Round "6"]
[White "Croel, Duane"]
[Black "Aldrich, Justin"]
[Result "1/2-1/2"]
[WhiteElo "1762"]
[BlackElo "1503"]
[PlyCount "103"]
[EventDate "1999.09.03"]

1. d4 d5 2. c4 c6 3. cxd5 cxd5 4. Nf3 Nc6 5. Nc3 Nf6 6. Bf4 a6 7. e3 Bf5 8. Bd3
Bxd3 9. Qxd3 e6 10. O-O h6 11. Rac1 Nh5 12. Rfe1 Qf6 13. Be5 Qd8 14. Na4 Bd6
15. Nc5 Bxc5 16. Rxc5 O-O 17. Rec1 Nf6 18. Bg3 Ne4 19. Rxc6 bxc6 20. Rxc6 Nxg3
21. hxg3 Qb8 22. b3 Qb4 23. Qc2 Qb7 24. Ne5 Rfc8 25. Rc5 Rxc5 26. dxc5 Qc7 27.
Nd3 a5 28. a3 Rc8 29. b4 axb4 30. axb4 e5 31. Qb3 Rd8 32. b5 e4 33. b6 Qc6 34.
Ne5 Qxc5 35. b7 Qc7 36. Nc6 Qxc6 37. b8=Q Rxb8 38. Qxb8+ Kh7 39. Qb2 Qe6 40.
Qd4 f6 41. Kh2 Qf5 42. Kg1 Qe5 43. Qd2 Kg6 44. Qd1 Qc3 45. Qxd5 Qe1+ 46. Kh2
Qxf2 47. Qxe4+ Qf5 48. Qf3 Qxf3 49. gxf3 Kf5 50. g4+ Ke5 51. Kg3 g6 52. Kh4
1/2-1/2

[Event "Michigan Open Reserve"]
[Site "Cadillac, MI"]
[Date "1999.09.06"]
[Round "6"]
[White "Cox, Nick"]
[Black "Mayer, Raymond"]
[Result "1-0"]
[WhiteElo "1015"]
[BlackElo "1345"]
[PlyCount "85"]
[EventDate "1999.09.03"]

1. e4 e5 2. Nf3 Nc6 3. d4 exd4 4. Bc4 Bb4+ 5. c3 dxc3 6. O-O Qf6 7. Qc2 d6 8.
Bb5 Bd7 9. Qb3 Nge7 10. Re1 c2 11. Nbd2 O-O 12. Qxc2 a6 13. Ba4 Bg4 14. Re3 Bc5
15. Re1 Rae8 16. h3 Bh5 17. Rb1 Ne5 18. Bxe8 Rxe8 19. b4 Bb6 20. Bb2 Nxf3+ 21.
Nxf3 Qg6 22. Qc3 Bxf3 23. Qxf3 Nc6 24. a3 Nd4 25. Bxd4 Bxd4 26. Rbd1 c5 27.
bxc5 dxc5 28. Rb1 b5 29. Rbd1 h6 30. Qf4 Re5 31. Rxd4 Rg5 32. Rd8+ Kh7 33. Qf3
Re5 34. Rd5 Re6 35. Rxc5 Rf6 36. Rf5 Rc6 37. Rxf7 Rc5 38. Rf5 Rc6 39. Rd5 Rf6
40. Qd3 Re6 41. e5 Qxd3 42. Rxd3 Kg8 43. Rd6 1-0

[Event "Michigan Open Reserve"]
[Site "Cadillac, MI"]
[Date "1999.09.06"]
[Round "7"]
[White "Cox, Daniel"]
[Black "Hogarth, Frank"]
[Result "0-1"]
[WhiteElo "802"]
[BlackElo "879"]
[PlyCount "76"]
[EventDate "1999.09.03"]

1. e4 d5 2. exd5 Qxd5 3. Nf3 e5 4. Nc3 Qe6 5. Be2 Qg4 6. O-O Nf6 7. Nxe5 Qe6 8.
d4 Bd6 9. Bg4 Nxg4 10. Nxg4 O-O 11. Ne3 f5 12. Nb5 Qd7 13. Nxd6 cxd6 14. Re1 b6
15. Nd5 Nc6 16. Bd2 Bb7 17. Re3 Rae8 18. Rh3 Nxd4 19. Qh5 g6 20. Qg5 Bxd5 21.
Rd3 Ne2+ 22. Kf1 Bxg2+ 23. Qxg2 Re4 24. f3 Re5 25. Bb4 Qc6 26. c3 Nf4 27. Rxd6
Qc4+ 28. Kf2 Nxg2 29. Kxg2 Qe2+ 30. Kg1 Qxf3 31. Rd2 Qe3+ 32. Kf1 Qxd2 33. Bd6
Qxd6 34. Re1 Qd3+ 35. Kf2 Rxe1 36. Kxe1 Re8+ 37. Kf2 Re2+ 38. Kf1 Qd1# 0-1

[Event "Michigan Open Reserve"]
[Site "Cadillac, MI"]
[Date "1999.09.06"]
[Round "7"]
[White "Councell, Keith"]
[Black "Schell, Ken"]
[Result "1-0"]
[WhiteElo "1256"]
[BlackElo "1658"]
[PlyCount "43"]
[EventDate "1999.09.03"]

1. e4 d5 2. exd5 Nf6 3. c4 c6 4. dxc6 Nxc6 5. Nc3 e5 6. d3 Bf5 7. Bg5 Bb4 8.
Bxf6 Qxf6 9. a3 Bc5 10. Nf3 Rd8 11. Nd5 Qd6 12. Qb3 O-O 13. Ng5 Bd4 14. Ne4
Bxe4 15. dxe4 f5 16. Bd3 fxe4 17. Bxe4 Bxf2+ 18. Kd2 Qh6+ 19. Kd1 Qf4 20. Qd3
g6 21. Nxf4 exf4 22. Bd5+ 1-0

[Event "Michigan Open Reserve"]
[Site "Cadillac, MI"]
[Date "1999.09.06"]
[Round "6"]
[White "Councell, Keith"]
[Black "Labiner, Jordan"]
[Result "1-0"]
[WhiteElo "1256"]
[BlackElo "1554"]
[PlyCount "119"]
[EventDate "1999.09.03"]

1. e4 e6 2. d4 d5 3. e5 c5 4. c3 Nc6 5. Bb5 Qb6 6. Bxc6+ bxc6 7. Nf3 Ba6 8.
Nbd2 cxd4 9. cxd4 c5 10. Nf1 cxd4 11. Qa4+ Bb5 12. Qxd4 Bc5 13. Qh4 Ne7 14. a4
Nf5 15. Qg5 Bxf2+ 16. Kd1 Bd3 17. Ra3 Ba6 18. g4 h6 19. Qd2 Bxf1 20. a5 Ne3+
21. Rxe3 Qxe3 22. Qxe3 Bxe3 23. Rxf1 Bxc1 24. Kxc1 Ke7 25. Kb1 Rhc8 26. g5 Rc5
27. Nd4 Rac8 28. gxh6 gxh6 29. Rf6 Rc1+ 30. Ka2 Re1 31. Rxh6 Rxe5 32. Rh3 Re4
33. Rd3 e5 34. Nf5+ Ke6 35. Ng3 Rh4 36. Rb3 Rxh2 37. Rb7 Rcc2 38. Nf1 Rhf2 39.
Ne3 Rce2 40. Nd1 Rh2 41. Nc3 Reg2 42. Na4 d4 43. Rxa7 Rh8 44. a6 d3 45. Nc5+
Kd5 46. Nxd3 Kd4 47. Rd7+ Ke3 48. Nxe5 Rgg8 49. a7 Ra8 50. Rxf7 Kd4 51. Re7 Kc5
52. Rb7 Rh6 53. b4+ Kd5 54. Rb5+ Kd4 55. Ra5 Rb6 56. Kb3 Rxa7 57. Nf3+ Ke4 58.
Nd2+ Kd3 59. Rxa7 Kxd2 60. Kc4 1-0

[Event "Michigan Open Reserve"]
[Site "Cadillac, MI"]
[Date "1999.09.06"]
[Round "6"]
[White "Boronka, Joseph"]
[Black "Mose, Greg"]
[Result "1-0"]
[WhiteElo "1710"]
[BlackElo "1563"]
[PlyCount "117"]
[EventDate "1999.09.03"]

1. e4 c5 2. Nf3 Nc6 3. d4 cxd4 4. Nxd4 e5 5. Nb5 d6 6. N1c3 a6 7. Na3 b5 8. Nd5
Nf6 9. Bg5 Be7 10. Bxf6 Bxf6 11. c3 O-O 12. Nc2 Be6 13. Nxf6+ Qxf6 14. Qxd6
Rac8 15. Qd2 Rfd8 16. Qe3 Rb8 17. Be2 b4 18. c4 Nd4 19. Nxd4 Rxd4 20. b3 Qg6
21. Bf3 Bg4 22. h3 Bxf3 23. gxf3 Qg2 24. Ke2 Qg6 25. Rhg1 Qf6 26. Qg5 Qxg5 27.
Rxg5 f6 28. Rgg1 a5 29. Rgd1 Rbd8 30. Rxd4 Rxd4 31. Rd1 Rxd1 32. Kxd1 Kf7 33.
h4 h5 34. Ke2 Ke6 35. Ke3 g5 36. Ke2 gxh4 37. Kf1 h3 38. Kg1 f5 39. Kh2 fxe4
40. fxe4 Kf6 41. Kxh3 Ke6 42. Kh4 Kf7 43. Kxh5 Kf6 44. Kh6 Kf7 45. Kg5 Ke6 46.
Kg6 Ke7 47. Kf5 Kd6 48. Kf6 Kd7 49. Kxe5 Ke7 50. c5 a4 51. bxa4 b3 52. axb3 Kd7
53. b4 Kc6 54. Ke6 Kb7 55. Kd7 Ka6 56. c6 Kb6 57. c7 Kb7 58. c8=R Kb6 59. Rb8+
1-0

[Event "Michigan Open Reserve"]
[Site "Cadillac, MI"]
[Date "1999.09.06"]
[Round "6"]
[White "Bohland, Jonathon"]
[Black "June, Brian"]
[Result "0-1"]
[WhiteElo "1157"]
[BlackElo "1700"]
[PlyCount "112"]
[EventDate "1999.09.03"]

1. d4 Nf6 2. Bg5 g6 3. e3 Bg7 4. g3 c5 5. Bxf6 Bxf6 6. c3 cxd4 7. cxd4 O-O 8.
Bg2 d5 9. Ne2 Bf5 10. Nbc3 e6 11. O-O Nc6 12. a3 Rc8 13. Rc1 Na5 14. h3 h5 15.
Nb5 Qb6 16. Rxc8 Rxc8 17. b4 Qxb5 18. bxa5 Qxa5 19. Qa1 Bd3 20. Re1 Rc2 21. Nf4
Bc4 22. Rc1 Ra2 23. Qb1 Qxa3 24. Nxg6 Rb2 25. Qa1 Qxa1 26. Rxa1 fxg6 27. Rxa7
Kf7 28. g4 hxg4 29. hxg4 Bh4 30. f3 Bf2+ 31. Kh2 Bxe3 32. Kh3 Bxd4 33. Ra4 Kf6
34. f4 Rb3+ 35. Kh2 b5 36. Ra8 Bc5 37. g5+ Kf5 38. Rc8 Bd6 39. Rd8 Bxf4+ 40.
Kg1 Bg3 41. Bh3+ Kxg5 42. Re8 d4 43. Bxe6 Bxe6 44. Rxe6 Rb2 45. Re4 Kf5 46.
Rxd4 Bf2+ 47. Kg2 Bxd4+ 48. Kf3 Rc2 49. Kg3 b4 50. Kf3 b3 51. Kg3 b2 52. Kh4
Rg2 53. Kh3 Rg5 54. Kh2 b1=Q 55. Kh3 Qg1 56. Kh4 Qg3# 0-1

[Event "Michigan Open Reserve"]
[Site "Cadillac, MI"]
[Date "1999.09.06"]
[Round "7"]
[White "Ballou, Max"]
[Black "Mitchell, Dave"]
[Result "0-1"]
[WhiteElo "927"]
[BlackElo "1295"]
[PlyCount "92"]
[EventDate "1999.09.03"]

1. e4 d6 2. d4 Nf6 3. Nc3 c6 4. Nf3 Bg4 5. Be2 Nbd7 6. O-O e6 7. Bg5 Be7 8. Qd3
h6 9. Bh4 O-O 10. e5 Bxf3 11. exf6 Bxf6 12. Bxf6 Bxe2 13. Qxe2 Nxf6 14. Rfe1
Qb6 15. Qe3 Rfe8 16. b3 Rac8 17. Ne4 Nxe4 18. Qxe4 d5 19. Qd3 c5 20. dxc5 Rxc5
21. c4 dxc4 22. bxc4 Rec8 23. Rec1 Qc6 24. Rab1 Rxc4 25. Rxc4 Qxc4 26. Qxc4
Rxc4 27. Kf1 b6 28. Ke2 Rc2+ 29. Ke3 Rxa2 30. Rc1 a5 31. Rc8+ Kh7 32. Rb8 a4
33. Rxb6 a3 34. Ra6 Ra1 35. f4 Ra2 36. Kf3 g5 37. fxg5 hxg5 38. h3 Kg6 39. g4
Ra1 40. Kg2 Kf6 41. Ra5 a2 42. Kf2 e5 43. Ra6+ Kg7 44. Kf3 f6 45. Ra7+ Kg6 46.
Ra6 Rf1+ 0-1

[Event "Michigan Open Reserve"]
[Site "Cadillac, MI"]
[Date "1999.09.06"]
[Round "7"]
[White "Aldrich, Justin"]
[Black "DeFrayne, Don"]
[Result "1-0"]
[WhiteElo "1503"]
[BlackElo "1428"]
[PlyCount "83"]
[EventDate "1999.09.03"]

1. e4 c6 2. d4 d5 3. e5 Bf5 4. c3 e6 5. Be3 Qb6 6. Qc1 Nd7 7. Nd2 c5 8. Ngf3
Rc8 9. Be2 cxd4 10. Nxd4 Bc5 11. Nxf5 exf5 12. Bxc5 Qxc5 13. Nb3 Qb6 14. O-O
Nxe5 15. Re1 Ne7 16. Bb5+ N5c6 17. Bxc6+ Rxc6 18. Qg5 O-O 19. Rxe7 Rg6 20. Qe3
Qc6 21. Nd4 Qb6 22. Nxf5 Qxb2 23. Re1 h6 24. Re8 Rxe8 25. Qxe8+ Kh7 26. Ne7 h5
27. Nxg6 fxg6 28. h4 Qxc3 29. Re6 Qc2 30. Qf7 Qd1+ 31. Kh2 Qg4 32. g3 b5 33.
Re8 g5 34. Qg8+ Kh6 35. Re6+ Qxe6 36. Qxe6+ g6 37. Qf6 g4 38. Qf4+ g5 39. hxg5+
Kh7 40. Qf7+ Kh8 41. g6 d4 42. Qh7# 1-0

[Event "Kalamazoo September Mini-Swiss.2"]
[Site "Kalamazoo, MI"]
[Date "1999.09.18"]
[Round "1"]
[White "Worden, Brad"]
[Black "Krzyston, Joe"]
[Result "0-1"]
[WhiteElo "706"]
[BlackElo "861"]
[PlyCount "60"]
[EventDate "1999.09.18"]

1. e4 e5 2. Bc4 Nf6 3. d3 d6 4. h3 Nc6 5. a3 Be7 6. Nf3 d5 7. exd5 Nxd5 8. Bxd5
Qxd5 9. Be3 O-O 10. O-O b6 11. c4 Qd8 12. a4 Be6 13. Nbd2 Qd7 14. h4 h5 15. Ng5
f5 16. Rc1 Bxg5 17. Bxg5 f4 18. Qe2 Rf5 19. Qf3 Raf8 20. Ne4 Nd4 21. Qd1 f3 22.
gxf3 Nxf3+ 23. Kg2 Nxg5 24. hxg5 Rf4 25. Kg1 Rg4+ 26. Kh2 Rh4+ 27. Kg2 Bg4 28.
Qc2 Bf3+ 29. Kg1 Qh3 30. c5 Qh2# 0-1

[Event "Kalamazoo September Mini-Swiss.2"]
[Site "Kalamazoo, MI"]
[Date "1999.09.18"]
[Round "3"]
[White "Worden, Brad"]
[Black "Franklin, Stan"]
[Result "0-1"]
[WhiteElo "706"]
[BlackElo "1631"]
[PlyCount "70"]
[EventDate "1999.09.18"]

1. e4 c5 2. d4 cxd4 3. Qxd4 Nc6 4. Qd1 Nf6 5. Bd3 d6 6. a3 g6 7. Be3 Bg7 8. c3
O-O 9. Nf3 Bg4 10. Nbd2 Ne5 11. Be2 Bxf3 12. gxf3 Qd7 13. f4 Nc6 14. Bb5 a6 15.
Be2 Qe6 16. f5 gxf5 17. Bc4 Qd7 18. Rg1 fxe4 19. Qe2 d5 20. Bb3 Kh8 21. f4 Na5
22. Qg2 Rg8 23. O-O-O Qb5 24. Qf1 Nxb3+ 25. Nxb3 Qxb3 26. Rg2 Rac8 27. Kb1 Rxc3
28. Rdd2 Rxe3 29. Ka1 Nh5 30. Rgf2 Qxa3+ 31. Kb1 Rb3 32. Kc1 Rc8+ 33. Kd1 Qa1+
34. Ke2 Rc1 35. Qg2 Re1# 0-1

[Event "Kalamazoo September Mini-Swiss.2"]
[Site "Kalamazoo, MI"]
[Date "1999.09.18"]
[Round "2"]
[White "Tuzeneu, Jim"]
[Black "Worden, Brad"]
[Result "1-0"]
[WhiteElo "827"]
[BlackElo "706"]
[PlyCount "117"]
[EventDate "1999.09.18"]

1. e4 d5 2. Nc3 dxe4 3. Nxe4 Nf6 4. Bd3 Nxe4 5. Bxe4 Be6 6. Nf3 Nc6 7. d3 g6 8.
c3 f5 9. Bxc6+ bxc6 10. O-O h6 11. Re1 Bd5 12. Ne5 Bg7 13. Nxg6 Bf6 14. Nxh8
Bxh8 15. Re2 Qd6 16. Qe1 O-O-O 17. Rxe7 Qg6 18. g3 f4 19. Bxf4 Rd7 20. Re8+ Kb7
21. Rxh8 Qxd3 22. Qe3 Qxe3 23. Bxe3 h5 24. b4 Rg7 25. Rxh5 Bf3 26. a4 Bxh5 27.
a5 a6 28. c4 Rg4 29. Rc1 Bf7 30. f3 Rg6 31. b5 cxb5 32. cxb5 axb5 33. Rb1 Bc4
34. f4 Re6 35. Kf2 Bd3 36. Rb3 Bc2 37. Rxb5+ Ka6 38. Re5 Rc6 39. f5 Bb3 40. Bg5
Rc2+ 41. Kf3 Rc3+ 42. Re3 Bd5+ 43. Kg4 Rc4+ 44. Bf4 Bc6 45. h4 Bd7 46. h5 Rc5
47. Re5 Rc4 48. h6 Rb4 49. Re7 Bb5 50. h7 Bc4 51. h8=Q Kxa5 52. Bxc7+ Ka4 53.
Qa1+ Kb5 54. Qa5+ Kc6 55. Qxb4 Be2+ 56. Kg5 Bb5 57. Qd6+ Kb7 58. Ba5+ Ka8 59.
Qd8# 1-0

[Event "Kalamazoo September Mini-Swiss.1"]
[Site "Kalamazoo, MI"]
[Date "1999.09.18"]
[Round "3"]
[White "Semerciyan, Mike"]
[Black "Moore, Robert"]
[Result "0-1"]
[WhiteElo "1865"]
[BlackElo "1600"]
[PlyCount "108"]
[EventDate "1999.09.18"]

1. d4 Nf6 2. g3 g6 3. Bg2 Bg7 4. Nf3 d6 5. O-O O-O 6. c3 Nbd7 7. Nbd2 c5 8.
dxc5 Nxc5 9. Nd4 a6 10. N4b3 Nxb3 11. Nxb3 Rb8 12. Re1 Qc7 13. h3 Bd7 14. e4
Qc8 15. Kh2 Bc6 16. Nd4 Be8 17. Be3 Nd7 18. Qd2 Nb6 19. b3 Qc7 20. Rac1 Nd7 21.
f4 Nf6 22. e5 dxe5 23. fxe5 Nh5 24. Bf4 e6 25. Bf3 Nxf4 26. Qxf4 Qe7 27. h4 Bd7
28. Bg2 f5 29. Rc2 h6 30. Rce2 g5 31. Qf2 f4 32. Bh3 fxg3+ 33. Qxg3 gxh4 34.
Qg6 Qg5 35. Qxg5 hxg5 36. Bxe6+ Bxe6 37. Nxe6 Rf5 38. Nd4 Rf4 39. Ne6 Rf5 40.
Nxg7 Kxg7 41. Rg1 Re8 42. Rd1 Rfxe5 43. Rxe5 Rxe5 44. Rd7+ Kf6 45. Rxb7 Kf5 46.
Rf7+ Kg6 47. Rf2 g4 48. Rd2 Kf5 49. c4 Kf4 50. b4 Ke3 51. Rd5 Rxd5 52. cxd5 Kf2
53. d6 g3+ 54. Kh3 g2 0-1

[Event "Kalamazoo September Mini-Swiss.1"]
[Site "Kalamazoo, MI"]
[Date "1999.09.18"]
[Round "2"]
[White "Semerciyan, Mike"]
[Black "Evans Sr., Thomas"]
[Result "0-1"]
[WhiteElo "1865"]
[BlackElo "1863"]
[PlyCount "56"]
[EventDate "1999.09.18"]

1. Nf3 d5 2. g3 e6 3. Bg2 Bd6 4. c4 Ne7 5. O-O O-O 6. b3 c5 7. Nc3 a6 8. Bb2 f5
9. e3 Nbc6 10. cxd5 exd5 11. d4 cxd4 12. exd4 f4 13. Ne1 Bc7 14. Rc1 Qd6 15.
Ba1 Be6 16. Na4 b6 17. Nd3 Ng6 18. Qc2 Bd7 19. Bb2 f3 20. Bh1 Qf6 21. Qc3 Rae8
22. Rfe1 Re4 23. Rxe4 dxe4 24. Ne1 Nf4 25. Qc4+ Kh8 26. d5 Ne5 27. Bxe5 Bxe5
28. h4 Ne2+ 0-1

[Event "Kalamazoo September Mini-Swiss.1"]
[Site "Kalamazoo, MI"]
[Date "1999.09.18"]
[Round "1"]
[White "Roth, Bruce"]
[Black "Dorrington, Eldon"]
[Result "0-1"]
[WhiteElo "1507"]
[BlackElo "1666"]
[PlyCount "98"]
[EventDate "1999.09.18"]

1. e4 c6 2. d4 d5 3. exd5 cxd5 4. c4 Nf6 5. Nc3 e6 6. Nf3 Be7 7. Be2 O-O 8. O-O
dxc4 9. Bxc4 Nbd7 10. Re1 Nb6 11. Bb3 a6 12. h3 Bb4 13. a3 Be7 14. Be3 Nbd5 15.
Qd2 b5 16. Rac1 Bb7 17. Nxd5 Nxd5 18. Ne5 a5 19. Nc6 Bxc6 20. Rxc6 b4 21. a4
Nxe3 22. Qxe3 Bf6 23. Rd1 Rc8 24. Rxc8 Qxc8 25. Rd3 Rd8 26. Qd2 h6 27. f4 Qc7
28. Kf1 Qa7 29. d5 Qa6 30. Ke1 exd5 31. Bxd5 Qb6 32. Kf1 Kf8 33. g3 Qc7 34. Kg2
Rc8 35. b3 Bc3 36. Qd1 Re8 37. Bc4 Qc6+ 38. Kh2 Qb6 39. Qf3 g6 40. h4 Re1 41.
Qd5 Qf2+ 42. Kh3 Qf1+ 43. Kg4 f5+ 44. Qxf5+ gxf5+ 45. Kxf5 Qh3+ 46. Kg6 Qg4+
47. Kxh6 Rd1 48. f5 Rxd3 49. Bxd3 Bg7+ 0-1

[Event "Kalamazoo September Mini-Swiss.2"]
[Site "Kalamazoo, MI"]
[Date "1999.09.18"]
[Round "1"]
[White "Reist, Douglas"]
[Black "Tuzeneu, Jim"]
[Result "1-0"]
[WhiteElo "1382"]
[BlackElo "827"]
[PlyCount "103"]
[EventDate "1999.09.18"]

1. e4 d6 2. d4 Nf6 3. Nc3 g6 4. Nf3 Bg7 5. Bc4 Bd7 6. O-O a6 7. Re1 O-O 8. a3
b5 9. Ba2 c5 10. e5 Ne8 11. exd6 Nxd6 12. Nd5 Re8 13. dxc5 Nb7 14. Nb6 Ra7 15.
Nxd7 Qxd7 16. Qxd7 Nxd7 17. c6 Nbc5 18. cxd7 Rxd7 19. Rb1 Red8 20. Bg5 Re8 21.
h3 Kf8 22. b4 Na4 23. Rb3 h6 24. Bh4 Red8 25. Rbe3 g5 26. Bg3 e6 27. Be5 Rc8
28. Bxg7+ Kxg7 29. Bb3 Nb6 30. h4 Nc4 31. Bxc4 Rxc4 32. Ne5 Rcd4 33. Nxd7 Rxd7
34. hxg5 hxg5 35. c3 Rd6 36. g4 f6 37. Rxe6 Rd3 38. R1e3 Rd1+ 39. Kg2 Ra1 40.
Rxa6 Rd1 41. a4 Rd5 42. Rf3 bxa4 43. Rxa4 Kg6 44. Ra5 Rd8 45. b5 Rc8 46. b6 Rc6
47. Rb5 Kf7 48. b7 Ke7 49. b8=Q Kd7 50. Re3 Rc4 51. Qb7+ Kd8 52. Rd5# 1-0

[Event "Kalamazoo September Mini-Swiss.2"]
[Site "Kalamazoo, MI"]
[Date "1999.09.18"]
[Round "3"]
[White "Reist, Douglas"]
[Black "Linklater, Erik"]
[Result "1-0"]
[WhiteElo "1382"]
[BlackElo "1317"]
[PlyCount "85"]
[EventDate "1999.09.18"]

1. e4 e6 2. d4 d5 3. Nd2 c5 4. exd5 exd5 5. Bb5+ Bd7 6. Qe2+ Qe7 7. Bxd7+ Nxd7
8. dxc5 Qxe2+ 9. Nxe2 Bxc5 10. O-O Ngf6 11. Nb3 Bb6 12. Nbd4 O-O 13. Re1 Bc7
14. h3 Rae8 15. Bd2 Ne4 16. Bb4 Bd6 17. Bxd6 Nxd6 18. Kf1 b6 19. Nc6 Nc8 20.
Ned4 Nc5 21. Nf5 f6 22. Nfe7+ Nxe7 23. Nxe7+ Kf7 24. Nxd5 Ne6 25. c3 b5 26.
Rad1 g5 27. Nc7 Nxc7 28. Rd7+ Kg6 29. Rxc7 Rxe1+ 30. Kxe1 Re8+ 31. Kd2 a6 32.
Rc6 a5 33. Rc5 Re5 34. Rxe5 fxe5 35. Ke3 Kf5 36. f3 h5 37. g3 g4 38. hxg4+ hxg4
39. fxg4+ Kxg4 40. Ke4 Kxg3 41. Kxe5 Kf3 42. Kd4 Ke2 43. Kc5 1-0

[Event "Kalamazoo September Mini-Swiss.1"]
[Site "Kalamazoo, MI"]
[Date "1999.09.18"]
[Round "1"]
[White "Post, Robert"]
[Black "Evans Sr., Thomas"]
[Result "1-0"]
[WhiteElo "1599"]
[BlackElo "1863"]
[PlyCount "90"]
[EventDate "1999.09.18"]

1. d4 Nf6 2. Bg5 Ne4 3. Bf4 e6 4. f3 Bd6 5. Bxd6 Nxd6 6. e4 O-O 7. Nh3 Qh4+ 8.
Nf2 Nc6 9. Nc3 a6 10. Qd2 b5 11. a3 Bb7 12. g3 Qh5 13. Be2 Na5 14. b3 Nc6 15.
f4 Qg6 16. d5 Ne7 17. O-O-O f5 18. e5 Ne4 19. Nfxe4 fxe4 20. d6 cxd6 21. Qxd6
Nd5 22. Nxd5 Bxd5 23. Rhf1 Qe8 24. Kb2 Bc6 25. h4 Qd8 26. Qc5 Rc8 27. Rd6 Qa5
28. Qe3 b4 29. a4 Rc7 30. g4 Rfc8 31. Rc1 Rb7 32. Qd4 Ra8 33. f5 Bd5 34. c4
bxc3+ 35. Rxc3 Rab8 36. Bd1 Rb4 37. Qa7 Qxa4 38. Qxb8+ Rxb8 39. Rc8+ Rxc8 40.
bxa4 Rb8+ 41. Kc1 Rc8+ 42. Kd2 Rc7 43. Rxa6 exf5 44. gxf5 Kf7 45. Bh5+ Ke7 1-0

[Event "Kalamazoo September Mini-Swiss.1"]
[Site "Kalamazoo, MI"]
[Date "1999.09.18"]
[Round "3"]
[White "Post, Robert"]
[Black "Dorrington, Eldon"]
[Result "0-1"]
[WhiteElo "1599"]
[BlackElo "1666"]
[PlyCount "66"]
[EventDate "1999.09.18"]

1. d4 Nf6 2. Bg5 Ne4 3. Bf4 c5 4. f3 Nf6 5. d5 Qb6 6. Be5 d6 7. Bc3 e5 8. e4
Be7 9. Na3 a6 10. Nc4 Qc7 11. Ba5 b6 12. Bxb6 Qb7 13. Ne2 O-O 14. Nc3 Bd7 15.
a4 Ne8 16. Bd3 f5 17. O-O f4 18. Ba5 Bg5 19. Nb6 Ra7 20. Nxd7 Nxd7 21. Qe2 Nef6
22. Rfb1 Raa8 23. b4 cxb4 24. Rxb4 Qa7+ 25. Kf1 Qc5 26. Rb7 Qxa5 27. Nb5 axb5
28. Bxb5 Nc5 29. Re7 Nfxe4 30. Rxg7+ Kxg7 31. fxe4 Kh8 32. Ra3 Qb4 33. Rh3 Qxe4
0-1

[Event "Kalamazoo September Mini-Swiss.1"]
[Site "Kalamazoo, MI"]
[Date "1999.09.18"]
[Round "1"]
[White "Moore, Robert"]
[Black "Griffin, John"]
[Result "0-1"]
[WhiteElo "1600"]
[BlackElo "1525"]
[PlyCount "86"]
[EventDate "1999.09.18"]

1. e4 c5 2. Nf3 Nc6 3. d4 cxd4 4. Nxd4 Nf6 5. Nc3 e5 6. Ndb5 d6 7. Bg5 a6 8.
Na3 b5 9. Nd5 Be7 10. Bxf6 Bxf6 11. c4 b4 12. Nc2 a5 13. Be2 Bg5 14. Qd3 O-O
15. Nce3 Bxe3 16. Nxe3 Be6 17. Rd1 Nd4 18. Nc2 Nxc2+ 19. Qxc2 Qc7 20. O-O Rfd8
21. b3 Rac8 22. h3 Qb6 23. Rd3 d5 24. Qb2 dxc4 25. Rxd8+ Rxd8 26. Bxc4 Qd4 27.
Qxd4 exd4 28. Bxe6 fxe6 29. e5 Rc8 30. f4 Rc2 31. Rf2 d3 32. Rf3 d2 33. Rd3
Rc1+ 34. Kf2 d1=Q 35. Rxd1 Rxd1 36. Ke3 Ra1 37. g4 Rxa2 38. f5 Kf7 39. Kf4 Rd2
40. g5 Rf2+ 41. Ke3 Rxf5 42. Ke4 Rxg5 43. h4 Rg3 0-1

[Event "Kalamazoo September Mini-Swiss.1"]
[Site "Kalamazoo, MI"]
[Date "1999.09.18"]
[Round "2"]
[White "Moore, Robert"]
[Black "Franklin, Stan"]
[Result "1/2-1/2"]
[WhiteElo "1600"]
[BlackElo "1631"]
[PlyCount "78"]
[EventDate "1999.09.18"]

1. e4 c5 2. Nf3 Nc6 3. d4 cxd4 4. Nxd4 Nf6 5. Nc3 g6 6. Be2 Bg7 7. O-O O-O 8.
Be3 d6 9. Qd2 Ng4 10. Bxg4 Bxg4 11. h3 Bd7 12. Rab1 Qc8 13. f4 Rd8 14. Qf2 e6
15. Rfd1 Nxd4 16. Bxd4 e5 17. Nd5 Kf8 18. fxe5 dxe5 19. Rf1 Be6 20. Bxa7 Bxd5
21. exd5 Qd7 22. c4 Kg8 23. a3 b5 24. Bb6 Rdb8 25. cxb5 Qxd5 26. Bc5 Rxb5 27.
Bb4 Rd8 28. Qe2 Rdb8 29. Rbd1 Qb3 30. Rd7 f5 31. Rfd1 R5b7 32. Rxb7 Rxb7 33.
Rd8+ Kf7 34. Qa6 Qe3+ 35. Kh1 Rc7 36. Bc3 Bf8 37. Qb5 Qc1+ 38. Kh2 Qf4+ 39. Kh1
Qc1+ 1/2-1/2

[Event "Kalamazoo September Mini-Swiss.1"]
[Site "Kalamazoo, MI"]
[Date "1999.09.18"]
[Round "1"]
[White "Miller, David"]
[Black "Mathews, Jeff"]
[Result "1-0"]
[WhiteElo "1755"]
[BlackElo "1527"]
[PlyCount "105"]
[EventDate "1999.09.18"]

1. e4 e5 2. Nf3 Nc6 3. Bb5 a6 4. Ba4 Nf6 5. d3 d6 6. c3 Be7 7. O-O Bg4 8. Nbd2
Qd7 9. Re1 O-O-O 10. Nf1 h6 11. Ne3 h5 12. Nd5 b5 13. Bb3 Nxd5 14. Bxd5 f5 15.
Qb3 f4 16. a4 Na5 17. Qb4 Nc6 18. Qa3 Na7 19. axb5 Qxb5 20. c4 Qb6 21. Qxa6+
Qxa6 22. Rxa6 Kb8 23. Bd2 Bc8 24. Ra3 c6 25. Rea1 Rd7 26. Be6 Rb7 27. Bxc8 Rxc8
28. b4 g5 29. Bc3 g4 30. Nd2 Rcc7 31. d4 Kc8 32. dxe5 dxe5 33. Bxe5 Bxb4 34.
Bxc7 Bxa3 35. Bxf4 Bc5 36. Rb1 Rxb1+ 37. Nxb1 Kd7 38. h3 Nc8 39. Kf1 Nb6 40.
Nd2 Bb4 41. hxg4 hxg4 42. Be3 c5 43. Ke2 Bxd2 44. Kxd2 Nxc4+ 45. Ke2 Kd6 46. f4
gxf3+ 47. gxf3 Nb6 48. f4 Nd7 49. Kf3 c4 50. f5 c3 51. Bf4+ Ne5+ 52. Ke3 Kc5
53. Bxe5 1-0